| 000 | 00370nam a22001457a 4500 | ||
|---|---|---|---|
| 003 | OSt | ||
| 005 | 20220218101059.0 | ||
| 008 | 220218b |||||||| |||| 00| 0 eng d | ||
| 020 | _a0471410152 | ||
| 040 | _cHU | ||
| 082 | _a658.84 | ||
| 100 |
_aSaloner _930811 |
||
| 245 | _aCreating & Capturing Value Perspectives & Cases On Electronic Commerce | ||
| 942 |
_2ddc _cBOOKS _n0 |
||
| 999 |
_c30766 _d30766 |
||